00726nam a2200145Ia 4500008004100000050002900041100002100070245021500091260008600306300002000392521003000412942000700442999001900449952011200468140724s9999 xx 000 0 und d aHF 5549.5.P35b.Y43 2010 aYeh, Jui-Hsiang. 4aThe effects of information technology on the core competence of employees in the administrative department of Southville International School and Colleges in the delivery of specific services /cJui-Hsiang Yeh. aLas Piñas, Philippines :bSouthville International School and Colleges,cc2010. a57 p. :c28 cm. aHuman Resource Management cTH c229052d229052 001040aCLbCLcTHESESd2014-07-24l0oHF 5549.5.P35 .Y43 2010pT0406r2018-05-15 00:00:00w2014-07-24yTH